[Event "18th Unive Open 2014"]
[Site "Hoogeveen NED"]
[Date "2014.10.15"]
[Round "6.3"]
[White "Ernst, Sipke"]
[Black "Roiz, Michael"]
[Result "0-1"]
[WhiteTitle "GM"]
[BlackTitle "GM"]
[WhiteElo "2555"]
[BlackElo "2585"]
[WhiteFideId "1004689"]
[BlackFideId "2804158"]
[EventDate "2014.10.11"]

1. d4 Nf6 2. c4 e6 3. Nf3 d5 4. e3 Be7 5. b3 O-O 6. Bb2 c5 7. cxd5 Nxd5 8. dxc5
Nd7 9. c6 bxc6 10. Be2 a5 11. Nbd2 a4 12. a3 axb3 13. Nxb3 Ba6 14. Bxa6 Rxa6 15.
O-O Qa8 16. Qc2 Rc8 17. e4 N5b6 18. Ne5 Nxe5 19. Bxe5 Rxa3 20. Nc5 Qa5 21. Rxa3
Qxa3 22. Nd3 Qa4 23. Qxa4 Nxa4 24. Ra1 Nb6 25. Ra6 Nc4 26. Ra4 Nb6 27. Ra6 Nc4
28. Ra4 Nxe5 29. Nxe5 c5 30. Kf1 Bf6 31. Nc4 Bd4 32. Nd2 Rb8 33. Ke2 g5 34. Ra2
Rb4 35. Rc2 Kg7 36. g3 g4 37. Nc4 Kf6 38. f4 gxf3+ 39. Kxf3 Rb3+ 40. Kg4 h5+ 0-1

[Event "18th Unive Open 2014"]
[Site "Hoogeveen NED"]
[Date "2014.10.15"]
[Round "6.5"]
[White "Bezemer, Arno"]
[Black "Heberla, Bartlomiej"]
[Result "0-1"]
[WhiteTitle "FM"]
[BlackTitle "GM"]
[WhiteElo "2275"]
[BlackElo "2567"]
[WhiteFideId "1001396"]
[BlackFideId "1115120"]
[EventDate "2014.10.11"]

1. e4 c5 2. Nf3 e6 3. d4 cxd4 4. Nxd4 Nf6 5. Nc3 d6 6. h3 Nc6 7. Be3 Bd7 8. g4
h6 9. Qe2 Rc8 10. O-O-O Na5 11. Ndb5 Nc4 12. Nxa7 Nxe3 13. Qxe3 Rxc3 14. Qxc3
Nxe4 15. Qe1 d5 16. f3 Nd6 17. Rxd5 Be7 18. Nb5 exd5 19. Nxd6+ Kf8 20. Nf5 Bg5+
21. Kb1 Qb6 22. Qc3 Bxf5 23. gxf5 Bf6 24. Qb3 Qxb3 25. axb3 Ke7 26. Bd3 Be5 27.
c3 Kf6 28. Rg1 h5 29. c4 dxc4 30. bxc4 Rd8 31. Kc2 Bxb2 32. Rb1 Be5 33. Rxb7 Rb8
34. Rb5 Bc7 35. Rxb8 Bxb8 36. c5 Kg5 37. Bc4 f6 38. Bf7 h4 39. Kd3 Kf4 40. Kd4
Kg3 41. Ke3 Ba7 42. Ke2 Bxc5 43. Kf1 Kxh3 44. f4 Kg3 45. Be6 h3 46. Bd7 Kxf4 47.
Bc8 Bd4 48. Bd7 Ke5 49. Bc8 Ba7 50. Bd7 Bb6 51. Bc8 Kd6 52. Ba6 Ke5 53. Bc8 Ke4
54. Bd7 Kf3 55. Bc6+ Kg3 56. Bb7 Kg4 57. Bc6 Kxf5 58. Bd7+ Kf4 59. Bxh3 f5 60.
Bg2 Kg3 61. Bd5 f4 62. Be6 f3 63. Bd5 g5 64. Be6 g4 65. Bd7 Kf4 0-1

[Event "18th Unive Open 2014"]
[Site "Hoogeveen NED"]
[Date "2014.10.15"]
[Round "6.6"]
[White "Hambleton, Aman"]
[Black "Malaniuk, Vladimir P"]
[Result "1/2-1/2"]
[WhiteTitle "IM"]
[BlackTitle "GM"]
[WhiteElo "2456"]
[BlackElo "2495"]
[WhiteFideId "2606577"]
[BlackFideId "14100177"]
[EventDate "2014.10.11"]

1. d4 f5 2. h4 Nf6 3. c4 d6 4. Nc3 c6 5. g3 g6 6. h5 Nxh5 7. Rxh5 gxh5 8. e4
fxe4 9. Qxh5+ Kd7 10. Nxe4 Na6 11. Be3 Qe8 12. Qf5+ Kd8 13. Qa5+ Nc7 14. Bd3 Bd7
15. O-O-O Kc8 16. Ne2 b6 17. Qa4 Bg7 18. Kb1 c5 19. Qc2 Ne6 20. d5 Nd8 21. Nf4
Nf7 22. Ne6 Bxe6 23. dxe6 Ne5 24. Be2 Kc7 25. Nc3 Qg6 26. Nd5+ Kd8 27. Rh1 Qxc2+
28. Kxc2 h6 29. b3 Rb8 30. Rh5 Nc6 31. Bd3 Nb4+ 32. Nxb4 cxb4 33. f4 Kc7 34. g4
Bf6 35. Be4 a6 36. Kd3 Bg7 37. Ke2 Rhf8 38. f5 Rh8 39. Rh1 a5 40. Bf4 Rbg8 41.
Kf3 Rc8 42. Ke3 Rcg8 43. Bf3 Rc8 44. Kd3 Rcf8 45. Rh5 Rfg8 46. Kc2 Rc8 47. Kb1
Kb8 48. Be3 Rc5 49. Bd5 Ka7 50. Kc2 Rcc8 51. Kd3 Ka6 52. Ke4 Rcg8 53. Kf3 Rf8
54. Ke2 Rc8 55. Kd3 Rcg8 56. Bf3 Rc8 57. g5 hxg5 58. Bxg5 Rxh5 59. Bxh5 Rc5 60.
Bg6 Bf8 61. Be3 Re5 62. Bf2 a4 63. bxa4 Ka5 64. Bg3 Rc5 65. Bf2 Rc8 66. Bh5 Kxa4
67. Bd1+ Ka5 68. Bd4 b5 69. cxb5 Kxb5 70. f6 exf6 71. Bxf6 Rc7 72. Bb3 Be7 73.
Bd4 Rc8 74. Ke4 Rg8 75. Be3 Rf8 76. Bf4 Kc6 77. Ba4+ Kc5 78. Be3+ Kc4 79. Bb3+
Kb5 80. Bf4 Rg8 81. Kd5 Rc8 82. Be3 Rc7 1/2-1/2

[Event "18th Unive Open 2014"]
[Site "Hoogeveen NED"]
[Date "2014.10.15"]
[Round "6.7"]
[White "Romanishin, Oleg M"]
[Black "Pranav Vijay"]
[Result "1-0"]
[WhiteTitle "GM"]
[WhiteElo "2490"]
[BlackElo "2197"]
[WhiteFideId "14100088"]
[BlackFideId "5091640"]
[EventDate "2014.10.11"]

1. Nf3 Nf6 2. g3 g6 3. Bg2 Bg7 4. c4 O-O 5. O-O d5 6. cxd5 Nxd5 7. Nc3 Nb6 8. d4
Nc6 9. d5 Na5 10. Qc2 Nxd5 11. Rd1 c6 12. e4 Nb4 13. Qa4 b5 14. Rxd8 bxa4 15.
Rxf8+ Kxf8 16. Nxa4 Nc2 17. Rb1 Bg4 18. b3 Rd8 19. Bf4 Bxf3 20. Bxf3 e5 21. Bc1
Ke8 22. Bb2 Nd4 23. Kg2 Nb7 24. Rc1 Rc8 25. Bxd4 exd4 26. e5 Ke7 27. Bg4 Rc7 28.
f4 f6 29. exf6+ Bxf6 30. Bf3 Kd7 31. h4 Be7 32. Rc4 Bf6 33. Rc1 Be7 34. Rc4 Bf6
35. Nb2 Nd6 36. Rc5 Nf5 37. Nd3 Kd6 38. Be4 Ne3+ 39. Kf3 Nf1 40. Rc2 c5 41. Nb2
Ne3 42. Nc4+ Nxc4 43. bxc4 Rd7 44. Rb2 d3 45. Rd2 Ke7 46. Bxd3 Rb7 47. h5 Rd7
48. hxg6 hxg6 49. Re2+ Kf7 50. Be4 Re7 51. Re3 Kg7 52. Ra3 g5 53. fxg5 Bxg5 54.
Ra5 Rf7+ 55. Kg4 Be3 56. Ra6 Rd7 57. Bd5 Re7 58. Kf5 Bd4 59. g4 Re5+ 60. Kf4 Re7
61. Be6 Bc3 62. Kf5 Bd2 63. g5 Kf8 64. Rd6 Be3 65. Rd3 Bd4 66. Rb3 Ba1 67. Bd5
Kg7 68. Rb8 Bd4 69. Rg8+ Kh7 70. Rc8 Kg7 71. Kg4 Kg6 72. Rc6+ Kh7 73. Kh5 Be3
74. Be6 Kg7 75. Bf5 Bd4 76. Rg6+ Kf7 77. Rd6 Kg7 78. Rc6 Rb7 79. Rg6+ Kf8 80.
Be4 Rh7+ 81. Kg4 Rg7 82. Rc6 Re7 83. Bd5 Kg7 84. Kh5 Be3 85. Rg6+ Kh7 86. Rh6+
Kg7 87. Be6 Bf4 88. Rg6+ Kh7 89. Bf5 Kh8 90. Rc6 Rc7 91. Re6 Kg7 92. Re8 Rb7 93.
Be6 Kh7 1-0

[Event "18th Unive Open 2014"]
[Site "Hoogeveen NED"]
[Date "2014.10.15"]
[Round "6.8"]
[White "Kramer, Julian"]
[Black "Kasparov, Sergey"]
[Result "0-1"]
[BlackTitle "GM"]
[WhiteElo "2147"]
[BlackElo "2484"]
[WhiteFideId "12921742"]
[BlackFideId "13500481"]
[EventDate "2014.10.11"]

1. e4 d5 2. exd5 Qxd5 3. Nf3 Bg4 4. Be2 Nc6 5. d4 O-O-O 6. c4 Qa5+ 7. Bd2 Qf5 8.
Be3 Bxf3 9. Bxf3 Nxd4 10. Bg4 Nc2+ 11. Qxc2 Qxg4 12. O-O Qg6 13. Qa4 Qa6 14. Qc2
e6 15. b4 Bxb4 16. Qb2 Be7 17. Nc3 Bf6 18. Rac1 Ne7 19. Qc2 Bxc3 20. Qxc3 Nf5
21. h3 f6 22. Rfe1 Rhe8 23. Qc2 h6 24. Qe4 Rd7 25. c5 Qc6 26. Qxc6 bxc6 27. Rc3
Rd5 28. Ra3 Nxe3 29. Rexe3 Rxc5 30. Rxa7 Kd7 31. a4 Rb8 32. Kh2 Rd5 33. a5 c5
34. a6 Rd6 35. Rb7 Rxb7 36. axb7 Rb6 37. Rd3+ Kc6 0-1

[Event "18th Unive Open 2014"]
[Site "Hoogeveen NED"]
[Date "2014.10.15"]
[Round "6.9"]
[White "De Jong, Migchiel"]
[Black "Franco Alonso, Alejandro"]
[Result "1/2-1/2"]
[WhiteTitle "IM"]
[BlackTitle "IM"]
[WhiteElo "2321"]
[BlackElo "2454"]
[WhiteFideId "1002848"]
[BlackFideId "2214067"]
[EventDate "2014.10.11"]

1. e4 c5 2. Nf3 e6 3. g3 Nc6 4. Bg2 Nf6 5. Qe2 d5 6. d3 Be7 7. O-O b6 8. e5 Nd7
9. h4 h6 10. h5 Qc7 11. Re1 Bb7 12. c4 d4 13. Na3 a6 14. Nc2 a5 15. Na3 Na7 16.
Nb5 Nxb5 17. cxb5 O-O-O 18. Nd2 Bxg2 19. Kxg2 Qb7+ 20. Kg1 Rdg8 21. Nc4 g6 22.
Bf4 Kb8 23. hxg6 Rxg6 24. Qh5 Qd5 25. Re2 Rhg8 26. Qh1 Qxh1+ 27. Kxh1 h5 28. Kg2
h4 29. Rh1 Kc7 30. Rh3 Kd8 31. Kf3 hxg3 32. Bxg3 Ke8 33. Re4 Rg5 34. Rh7 Nf8 35.
Rh6 Nd7 36. a4 R5g6 37. Rxg6 Rxg6 38. Rg4 Rxg4 39. Kxg4 f6 40. exf6 Nxf6+ 41.
Kf3 Nd5 42. Be5 Bh4 43. Bg3 Bd8 44. Bf4 Bh4 45. Bd2 Bd8 46. Ke4 Bc7 47. Bg5 Kd7
48. f4 Nb4 49. Bf6 Kc8 50. Bg7 Kd7 51. Be5 Bd8 52. Bb8 Kc8 53. Bd6 Kd7 54. Be5
Kc8 55. Nd6+ Kd7 56. Nf7 Be7 57. Bg7 Bd6 58. Ng5 Bxf4 59. Kxf4 Nxd3+ 60. Ke4
Nxb2 61. Nf3 Nxa4 62. Ne5+ Kc7 63. Kd3 Nc3 64. Kc4 Ne4 65. Kb3 a4+ 66. Kxa4 Nc3+
67. Kb3 Nxb5 68. Nc4 Kc6 69. Bf6 Nd6 70. Ne5+ Kd5 71. Ng6 Nf7 72. Ne7+ Kd6 73.
Kc4 e5 74. Nc8+ Ke6 75. Be7 e4 76. Nxb6 Kxe7 77. Kxc5 d3 78. Kd4 Nd6 79. Nd5+
Ke6 80. Nf4+ Kf5 1/2-1/2

[Event "18th Unive Open 2014"]
[Site "Hoogeveen NED"]
[Date "2014.10.15"]
[Round "6.11"]
[White "Ris, Robert"]
[Black "Van Osch, Mees"]
[Result "1/2-1/2"]
[WhiteTitle "IM"]
[WhiteElo "2427"]
[BlackElo "2188"]
[WhiteFideId "1011480"]
[BlackFideId "1035967"]
[EventDate "2014.10.11"]

1. d4 d6 2. Nf3 Nf6 3. c4 g6 4. g3 Bg7 5. Bg2 O-O 6. Nc3 Nc6 7. O-O Bf5 8. d5
Na5 9. Nd2 c6 10. b4 Nxd5 11. cxd5 Bxc3 12. e4 Bxa1 13. exf5 Bg7 14. bxa5 c5 15.
Qa4 Qe8 16. Qc2 b5 17. Re1 c4 18. Ne4 Qd8 19. fxg6 hxg6 20. Bd2 c3 21. Nxc3 Rc8
22. Qb3 Qxa5 23. Ne4 Qa4 24. Bf1 Rc2 25. Bg5 1/2-1/2

[Event "18th Unive Open 2014"]
[Site "Hoogeveen NED"]
[Date "2014.10.15"]
[Round "6.12"]
[White "De Ruiter, Danny"]
[Black "Guramishvili, Sopiko"]
[Result "0-1"]
[BlackTitle "IM"]
[WhiteElo "2235"]
[BlackElo "2381"]
[WhiteFideId "1020650"]
[BlackFideId "13602888"]
[EventDate "2014.10.11"]

1. d4 d5 2. c4 e6 3. Nf3 c6 4. Nc3 dxc4 5. g3 b5 6. Bg2 Bb7 7. Ne5 a6 8. O-O Nf6
9. a4 Nd5 10. e4 Nxc3 11. bxc3 Nd7 12. f4 Be7 13. Qg4 O-O 14. f5 exf5 15. Rxf5
Nxe5 16. dxe5 Bc8 17. Bh6 g6 18. Qf3 Be6 19. Rd1 Qb6+ 20. Kh1 Rfd8 21. Rf1 Bf8
22. Be3 Qc7 23. Rf6 Rd3 24. Bh3 Bxh3 25. Rxf7 Qd8 26. Rb7 Be6 27. Qf4 Rd1 28.
Rxd1 Qxd1+ 29. Kg2 Qg4 30. Qf6 Qxe4+ 0-1

[Event "18th Unive Open 2014"]
[Site "Hoogeveen NED"]
[Date "2014.10.15"]
[Round "6.13"]
[White "Raghavi, N."]
[Black "Van Foreest, Lucas"]
[Result "1/2-1/2"]
[WhiteTitle "WIM"]
[WhiteElo "2253"]
[BlackElo "2314"]
[WhiteFideId "5017173"]
[BlackFideId "1039792"]
[EventDate "2014.10.11"]

1. e4 e5 2. Nf3 Nc6 3. Bb5 a6 4. Ba4 Nf6 5. O-O Be7 6. d3 b5 7. Bb3 O-O 8. a4
Bb7 9. c3 d6 10. Nbd2 Na5 11. Bc2 c5 12. Re1 Re8 13. Nf1 Nc6 14. Ng3 g6 15. d4
Bf8 16. d5 Nb8 17. b4 Nbd7 18. Qe2 c4 19. h3 Bg7 20. Be3 Qc7 21. Ra2 Nxd5 22.
exd5 f5 23. Nxf5 gxf5 24. Bxf5 Bxd5 25. Nh4 Nf6 26. Rea1 Bc6 27. axb5 Bxb5 28.
f3 d5 29. Qf2 Rab8 30. Qg3 Qf7 31. Bc2 Rbd8 32. Nf5 Kh8 33. Qh4 Qh5 34. Qf2 Qf7
35. Nxg7 Qxg7 36. f4 d4 37. cxd4 e4 38. d5 Rxd5 39. Bd4 Red8 40. Bc3 Kg8 41. Qh4
Rd4 42. Kh2 e3 43. Bxd4 Rxd4 44. Rd1 Rd2 1/2-1/2

[Event "18th Unive Open 2014"]
[Site "Hoogeveen NED"]
[Date "2014.10.15"]
[Round "6.14"]
[White "Schoorl, Rob"]
[Black "Vereggen, Lars"]
[Result "1-0"]
[WhiteTitle "FM"]
[WhiteElo "2330"]
[BlackElo "2206"]
[WhiteFideId "1009508"]
[BlackFideId "1029258"]
[EventDate "2014.10.11"]

1. e4 c5 2. Nf3 d6 3. Bb5+ Nd7 4. c3 a6 5. Ba4 b5 6. Bc2 Ngf6 7. O-O Bb7 8. Qe2
e6 9. d4 Be7 10. Nbd2 Qc7 11. Bd3 Nb6 12. Re1 Nfd7 13. Nf1 Bf6 14. Ng3 g6 15.
Bh6 e5 16. dxe5 dxe5 17. c4 b4 18. Nf1 Be7 19. Ne3 f6 20. Nd2 Nf8 21. Nd5 Qd6
22. a3 Ne6 23. axb4 cxb4 24. Nb3 Nd7 25. Bd2 Nf4 26. Qf1 Bxd5 27. cxd5 O-O 28.
Bxa6 f5 29. Bxf4 exf4 30. exf5 Ne5 31. fxg6 hxg6 32. Bc4 Bf6 33. Rad1 Ra2 34.
Nd2 Rxb2 35. Ne4 Qd8 36. d6+ Kh7 37. d7 Be7 38. Ng5+ Bxg5 39. Rxe5 Bh4 40. Re2
Rxe2 41. Qxe2 f3 42. gxf3 Qb6 43. Bb3 Rf4 44. Kg2 Bd8 45. Qe8 Qf6 46. Bc2 b3 47.
Be4 b2 48. Rb1 Bc7 49. Rxb2 Rh4 50. Rb5 Rxh2+ 51. Kg1 Qd6 52. Qxg6+ 1-0

[Event "18th Unive Open 2014"]
[Site "Hoogeveen NED"]
[Date "2014.10.15"]
[Round "6.15"]
[White "Henrich, Thomas"]
[Black "Tondivar, Babak"]
[Result "1/2-1/2"]
[BlackTitle "FM"]
[WhiteElo "2227"]
[BlackElo "2288"]
[WhiteFideId "4640993"]
[BlackFideId "12501239"]
[EventDate "2014.10.11"]

1. d4 e6 2. Nf3 d5 3. c4 Nf6 4. Bg5 Be7 5. Nc3 h6 6. Bxf6 Bxf6 7. e4 dxe4 8.
Nxe4 O-O 9. Qd2 b6 10. O-O-O Bb7 11. Qf4 Nd7 12. Bd3 Be7 13. h4 f5 14. Nc3 Bd6
15. Qe3 Qe7 16. Rde1 Rae8 17. Bc2 a6 18. h5 e5 19. Kb1 Qf6 20. Ba4 c6 21. d5 Bc5
22. Qd2 e4 23. dxc6 Bxc6 24. Nd5 Qd6 25. Bxc6 Qxc6 26. Nd4 Qd6 27. b4 Bxd4 28.
Qxd4 a5 29. a3 axb4 30. axb4 Ne5 31. Rh3 Ra8 32. f4 Ng4 33. Rb3 Ra6 34. c5 bxc5
35. bxc5 Qe6 36. Rb7 Nf6 37. Nb4 Ra4 38. Rc1 Rfa8 39. Qc4 Qxc4 40. Rxc4 Nd5 41.
c6 Rxb4+ 42. Rbxb4 Nxb4 43. Rxb4 Rc8 44. Rc4 Kf7 45. Kb2 Ke6 46. Rc5 Kd6 47.
Rxf5 Rxc6 48. Re5 Rc5 49. Rxe4 1/2-1/2

[Event "18th Unive Open 2014"]
[Site "Hoogeveen NED"]
[Date "2014.10.15"]
[Round "6.16"]
[White "Clemens, Adrian"]
[Black "Wunnink, Michael"]
[Result "1-0"]
[WhiteTitle "FM"]
[WhiteElo "2195"]
[BlackElo "2286"]
[WhiteFideId "1006487"]
[BlackFideId "1005448"]
[EventDate "2014.10.11"]

1. d4 d5 2. c4 c6 3. Nc3 Nf6 4. e3 a6 5. Qc2 g6 6. Bd3 Bg7 7. Nf3 O-O 8. O-O Bg4
9. Ne5 Be6 10. c5 Nbd7 11. Nxd7 Qxd7 12. Bd2 Ng4 13. b4 f6 14. f3 Nh6 15. Ne2
Bf7 16. Ng3 e5 17. Bc3 Rae8 18. Rfe1 Re7 19. Rab1 Rfe8 20. dxe5 fxe5 21. e4 Kh8
22. Bd2 Be6 23. Bg5 Rf7 24. exd5 cxd5 25. Bxh6 Bxh6 26. Rxe5 d4 27. Nf1 Bd5 28.
Rxe8+ Qxe8 29. Qf2 Be3 30. Nxe3 dxe3 31. Qb2+ Kg8 32. Re1 Qe6 33. a3 g5 34. Qd4
Re7 35. Be4 Bc6 36. Qxe3 1-0

[Event "18th Unive Open 2014"]
[Site "Hoogeveen NED"]
[Date "2014.10.15"]
[Round "6.17"]
[White "Henseler, Jorgen"]
[Black "Vedder, Richard"]
[Result "0-1"]
[BlackTitle "FM"]
[WhiteElo "2085"]
[BlackElo "2277"]
[WhiteFideId "1023233"]
[BlackFideId "1004166"]
[EventDate "2014.10.11"]

1. d4 Nf6 2. c4 c5 3. d5 b5 4. cxb5 a6 5. bxa6 g6 6. Nc3 Bxa6 7. g3 d6 8. Bg2
Bg7 9. Nf3 O-O 10. O-O Nbd7 11. Rb1 Qa5 12. Bd2 Qc7 13. b3 Nb6 14. Bg5 h6 15.
Bc1 Rfb8 16. a4 Qb7 17. Ne1 Nfd7 18. Bd2 Qc7 19. Nc2 Qd8 20. Na3 Kh7 21. Nab5 c4
22. a5 Nc8 23. bxc4 Qxa5 24. Bh3 Qd8 25. Be3 Ncb6 26. Bxd7 Qxd7 27. c5 dxc5 28.
Bxc5 Nc4 29. Bd4 Rxb5 30. Nxb5 Bxb5 31. Bxg7 Kxg7 32. Qd4+ Kh7 33. Rfc1 Nd6 34.
Rb2 Ra4 35. Qc5 Re4 36. Rcc2 h5 37. f3 Ra4 38. Ra2 Rxa2 39. Rxa2 Qf5 40. Rc2 Qe5
41. Kf2 h4 42. Rd2 Qf5 43. Kg2 h3+ 44. Kg1 Qb1+ 45. Kf2 Qh1 46. Qc7 Qxh2+ 47.
Ke3 Qxg3 0-1

[Event "18th Unive Open 2014"]
[Site "Hoogeveen NED"]
[Date "2014.10.15"]
[Round "6.18"]
[White "Van der Lende, Ilias"]
[Black "Mueer, Sebastian"]
[Result "1-0"]
[WhiteElo "2277"]
[BlackElo "2185"]
[WhiteFideId "1019260"]
[BlackFideId "24622001"]
[EventDate "2014.10.11"]

1. e4 e6 2. d4 d5 3. Nd2 Nf6 4. Bd3 c5 5. c3 cxd4 6. cxd4 dxe4 7. Nxe4 Bb4+ 8.
Nc3 O-O 9. Nf3 b6 10. O-O Bb7 11. Re1 h6 12. Bc2 Qc7 13. Bd2 Nbd7 14. Rc1 Qb8
15. Ne5 Qd6 16. Bf4 Bxc3 17. bxc3 Qd5 18. f3 Qxa2 19. Ra1 Qb2 20. Qd2 Qb5 21. c4 1-0

[Event "18th Unive Open 2014"]
[Site "Hoogeveen NED"]
[Date "2014.10.15"]
[Round "6.19"]
[White "Colijn, Stefan"]
[Black "Majhi, Ankit"]
[Result "1-0"]
[WhiteElo "2259"]
[BlackElo "2172"]
[WhiteFideId "1016199"]
[BlackFideId "1033735"]
[EventDate "2014.10.11"]

1. d4 Nf6 2. Nf3 g6 3. Bf4 Bg7 4. e3 d6 5. h3 O-O 6. Be2 c5 7. c3 b6 8. O-O Bb7
9. Nbd2 Nbd7 10. Bh2 Qc7 11. a4 a6 12. Qb3 Rac8 13. Bc4 cxd4 14. cxd4 Bxf3 15.
gxf3 Qb7 16. Qd3 Nb8 17. Qe2 Rc7 18. Rfc1 Rfc8 19. Qf1 Nfd7 20. f4 d5 21. Bd3
Rxc1 22. Rxc1 e6 23. Nf3 a5 24. Rc3 Bf8 25. Qc1 Rxc3 26. bxc3 Nf6 27. Nd2 Nbd7
28. f3 Bd6 29. e4 Nh5 30. e5 Bf8 31. f5 Bh6 32. f6 Qc7 33. Qc2 Bf4 34. Nf1 Nxe5
35. dxe5 Qxe5 36. c4 Qxf6 37. cxd5 Qd4+ 38. Kh1 Qxd5 39. Be4 Qd4 40. Bg1 Qb4 41.
Bf2 b5 42. Qc8+ Kg7 43. Bc5 Qe1 44. Qf8+ Kf6 45. Qd8+ 1-0

[Event "18th Unive Open 2014"]
[Site "Hoogeveen NED"]
[Date "2014.10.15"]
[Round "6.20"]
[White "Lorscheid, Gerhard"]
[Black "Hoffman, Ron"]
[Result "0-1"]
[WhiteTitle "FM"]
[WhiteElo "2242"]
[BlackElo "2086"]
[WhiteFideId "4606000"]
[BlackFideId "1007599"]
[EventDate "2014.10.11"]

1. d4 Nf6 2. c4 g6 3. Nc3 Bg7 4. e4 d6 5. f3 O-O 6. Nge2 Nbd7 7. Bg5 c5 8. Qd2
a6 9. d5 b5 10. cxb5 axb5 11. Nxb5 Ba6 12. Nec3 Qa5 13. Be2 Rfb8 14. a4 Ne8 15.
O-O Nc7 16. Nxc7 Qxc7 17. Nb5 Qd8 18. Rab1 Nb6 19. b3 Bxb5 20. Bxb5 c4 21. Bc6
c3 22. Qc2 Ra6 23. Be3 e6 24. Qd3 Qc8 25. Rfc1 exd5 26. exd5 Ra5 27. b4 0-1

[Event "18th Unive Open 2014"]
[Site "Hoogeveen NED"]
[Date "2014.10.15"]
[Round "6.21"]
[White "Groetzbach, Julian"]
[Black "Vogel, Jaap"]
[Result "1-0"]
[BlackTitle "FM"]
[WhiteElo "2169"]
[BlackElo "2239"]
[WhiteFideId "24600938"]
[BlackFideId "1000764"]
[EventDate "2014.10.11"]

1. e4 e6 2. d4 d5 3. Nd2 Nf6 4. e5 Nfd7 5. f4 c5 6. Ngf3 Nc6 7. Nb3 c4 8. Nbd2
b5 9. Be2 Ne7 10. Nf1 g6 11. Ne3 h5 12. O-O Qb6 13. a4 b4 14. Bxc4 Ba6 15. Bxa6
Qxa6 16. Bd2 Nc6 17. Be1 Be7 18. Bh4 Bxh4 19. Nxh4 Ne7 20. Qd2 Rb8 21. Rfd1 b3
22. c3 Nb6 23. Ra3 Nc4 24. Nxc4 dxc4 25. Nf3 Qc6 26. Ng5 Rd8 27. Re1 h4 28. h3
Nf5 29. Qe2 a5 30. Raa1 Ng3 31. Qf3 Qxf3 32. Nxf3 Ke7 33. Kf2 Nf5 34. Nd2 Rc8
35. Ne4 Rhd8 36. Rad1 Kf8 37. Kf3 Kg7 38. Rd2 Ne7 39. Nd6 Rxd6 40. exd6 Nd5 41.
Re5 Rd8 42. Rxd5 exd5 43. Re2 Kf6 44. Kg4 Rxd6 45. Kxh4 Kg7 46. Kg4 Kf8 47. Re5
f6 48. Re3 Kf7 49. h4 Rd8 50. g3 Rh8 51. f5 gxf5+ 52. Kxf5 Rh5+ 53. Kg4 Rh8 54.
h5 Rg8+ 55. Kf4 Rh8 56. g4 Rg8 57. Re2 Rh8 58. Kf5 Rg8 59. h6 Rg5+ 60. Kf4 Rg6
61. Rh2 Kg8 62. Rh5 Kh7 63. Rxd5 Rxh6 1-0

[Event "18th Unive Open 2014"]
[Site "Hoogeveen NED"]
[Date "2014.10.15"]
[Round "6.22"]
[White "Hovenga, Alje"]
[Black "Szostko, Jakub"]
[Result "1-0"]
[WhiteElo "2201"]
[BlackElo "2102"]
[WhiteFideId "1005812"]
[BlackFideId "1174282"]
[EventDate "2014.10.11"]

1. d4 Nf6 2. Nf3 g6 3. c4 Bg7 4. Nc3 O-O 5. e4 d6 6. Be2 e5 7. Be3 Nc6 8. d5 Ne7
9. Nd2 Ne8 10. c5 f5 11. f3 f4 12. Bf2 Nf6 13. Nc4 g5 14. cxd6 cxd6 15. Nb5 Ne8
16. Nxa7 Ng6 17. Nxc8 Rxc8 18. a4 Nf6 19. Qb3 Rf7 20. Qb6 Qxb6 21. Bxb6 Bf8 22.
O-O g4 23. Rfc1 Rg7 24. Kh1 h5 25. Nd2 Ra8 26. b3 gxf3 27. gxf3 Nh7 28. Rg1 Be7
29. Rac1 Bd8 30. Bxd8 Rxd8 31. Bf1 Nh4 32. Rxg7+ Kxg7 33. Kg1 Rd7 34. Kf2 Ng5
35. a5 Nhxf3 36. Nxf3 Nxe4+ 37. Ke1 Nf6 38. Bh3 Ng4 39. Rc4 Re7 40. Bxg4 hxg4
41. Ng5 Kg6 42. Ne4 Rh7 43. Rc2 Rh3 44. b4 Rb3 45. Nxd6 Rxb4 46. Nc4 Kf6 47. d6
Ke6 48. Rd2 Kd7 49. Nxe5+ Kd8 50. Nxg4 Rb5 51. Kf2 Rxa5 52. Kf3 Rf5 53. Ke4 Rf8
54. Ne5 b5 55. Ra2 1-0

[Event "18th Unive Open 2014"]
[Site "Hoogeveen NED"]
[Date "2014.10.15"]
[Round "6.23"]
[White "Goossens, Hanne"]
[Black "Den Hartog, Marijn"]
[Result "1/2-1/2"]
[WhiteTitle "WFM"]
[WhiteElo "2187"]
[BlackElo "2127"]
[WhiteFideId "200468"]
[BlackFideId "1046098"]
[EventDate "2014.10.11"]

1. e4 e6 2. d4 d5 3. Nd2 Nf6 4. e5 Nfd7 5. c3 c5 6. Bd3 Nc6 7. Ne2 cxd4 8. cxd4
f6 9. exf6 Nxf6 10. Nf3 Bd6 11. O-O Qc7 12. Bd2 O-O 13. Rc1 Qb6 14. Bc3 Bd7 15.
Qd2 Rae8 16. a3 a6 17. Ng3 e5 18. Nxe5 Nxe5 19. dxe5 Bxe5 20. Bxe5 Rxe5 21. h3
Bc6 22. Rfe1 Nd7 23. Qc2 h6 24. Nf5 Rfe8 25. Qc3 Qc7 26. Nd4 Rxe1+ 27. Rxe1
Rxe1+ 28. Qxe1 Nc5 29. Bb1 Qd6 30. Nf5 Qf6 31. Ne7+ Kf7 32. Bg6+ Kf8 33. Nxc6
Qxc6 34. Qe3 Ne4 35. Qf4+ Nf6 36. Qe5 Qd7 37. Bf5 Qd8 38. Qe6 b6 39. Bd3 a5 40.
Qc6 Kg8 41. Qe6+ Kh8 42. Qc6 1/2-1/2

[Event "18th Unive Open 2014"]
[Site "Hoogeveen NED"]
[Date "2014.10.15"]
[Round "6.24"]
[White "Buckels, Valentin"]
[Black "Boersma, Jan"]
[Result "1/2-1/2"]
[WhiteElo "2179"]
[BlackElo "2067"]
[WhiteFideId "12942766"]
[BlackFideId "1003267"]
[EventDate "2014.10.11"]

1. d4 Nf6 2. c4 g6 3. Nf3 Bg7 4. g3 c5 5. Bg2 O-O 6. O-O cxd4 7. Nxd4 Nc6 8.
Nxc6 dxc6 9. Qc2 Qa5 10. Nc3 Qh5 11. h4 Be6 12. Qb3 b5 13. Bxc6 Bxc4 14. Qb4 a5
15. Qxe7 Rae8 16. Bxe8 Rxe8 17. Qc7 Nd5 18. Qc6 Qe5 19. Nxd5 Bxd5 20. Qxb5 Qe4
21. f3 Bd4+ 22. Kg2 Qxe2+ 23. Qxe2 Rxe2+ 24. Kh3 h5 25. Bf4 Bxb2 26. Rae1 Rxe1
27. Rxe1 Bxa2 28. Re8+ Kg7 29. Ra8 Bd5 30. Rxa5 Bxf3 31. Kh2 Bf6 32. Kg1 Bg4 33.
Kf2 Be6 34. Ke2 Bc3 35. Ra8 Bd5 36. Re8 Bc4+ 37. Ke3 Be6 38. Ke4 Bf5+ 39. Kd5
Bb1 40. Kc6 Ba2 41. Kc7 Bf6 42. Bd6 Bc4 43. Bf8+ Kh7 44. Re4 Kg8 45. Rxc4 Kxf8
46. Re4 Bc3 47. Kd7 Bf6 48. Rf4 Be5 49. Rf3 Bd4 50. g4 hxg4 51. Rf4 Be5 52. Rxg4
Bf6 53. Re4 Bc3 54. h5 gxh5 55. Rh4 Bb2 56. Rxh5 Bc3 57. Rc5 Bb4 58. Rc8+ Kg7
59. Ke8 Kg6 60. Rc4 Bd2 61. Rg4+ Bg5 62. Rxg5+ 1/2-1/2

[Event "18th Unive Open 2014"]
[Site "Hoogeveen NED"]
[Date "2014.10.15"]
[Round "6.25"]
[White "Schoehuijs, Erik"]
[Black "Boer, Alef"]
[Result "1/2-1/2"]
[WhiteElo "2160"]
[BlackElo "2167"]
[WhiteFideId "1004425"]
[BlackFideId "1007122"]
[EventDate "2014.10.11"]

1. d4 d5 2. c4 e6 3. Nc3 Nf6 4. Nf3 c6 5. g3 Nbd7 6. Bg2 dxc4 7. O-O b5 8. Qc2
Bb7 9. a4 a6 10. e4 Qb6 11. Be3 Rd8 12. Rfd1 Ng4 13. Bf4 Bb4 14. e5 h5 15. Ng5
Nf8 16. Nce4 Nh6 17. Nc5 Nf5 18. Nxb7 Qxb7 19. axb5 axb5 20. Qe4 Ne7 21. Ra2 Ra8
22. Rda1 Rxa2 23. Rxa2 Nd5 24. Be3 Be7 25. Bd2 Bxg5 26. Bxg5 Nd7 27. Bd2 g6 28.
Qe1 N7b6 29. Bb4 Kd7 30. Bc5 Ra8 31. Rxa8 Qxa8 32. Bxb6 Nxb6 33. Qb4 Qb8 34. Qc5
Nd5 35. Be4 Ne7 1/2-1/2